Public policy review. (Record no. 19180)

000 -LEADER
fixed length control field 00619cas a2200217 a 4500
022 ## - INTERNATIONAL STANDARD SERIAL NUMBER
ISSN 1880-0955
040 ## - CATALOGING SOURCE
Transcribing agency DLC
082 0# - DEWEY DECIMAL CLASSIFICATION NUMBER
Classification number 338 POL 2005 C163 Or.
245 10 - TITLE STATEMENT
Title Public policy review.
260 ## - PUBLICATION, DISTRIBUTION, ETC. (IMPRINT)
Place of publication Tokyo :
Name of publisher Policy Research Institute, Ministry of Finance, Japan,
Year of publication 2005
300 ## - PHYSICAL DESCRIPTION
Number of Pages volumes ;
Dimensions 26 cm
650 #0 - SUBJECT ADDED ENTRY--TOPICAL TERM
Topical Term Finance, Public
650 #0 - SUBJECT ADDED ENTRY--TOPICAL TERM
Topical Term Monetary policy
650 #6 - SUBJECT ADDED ENTRY--TOPICAL TERM
Topical Term Finances publiques
650 #6 - SUBJECT ADDED ENTRY--TOPICAL TERM
Topical Term Politique monétaire
650 #7 - SUBJECT ADDED ENTRY--TOPICAL TERM
Topical Term Economic policy.
650 #7 - SUBJECT ADDED ENTRY--TOPICAL TERM
Topical Term Finance, Public.
650 #7 - SUBJECT ADDED ENTRY--TOPICAL TERM
Topical Term Monetary policy.
710 2# - ADDED ENTRY--CORPORATE NAME
Corporate name or jurisdiction name as entry element Zaimushō Zaimu Sōgō Seisaku Kenkyūjo (Japan),
942 ## - ADDED ENTRY ELEMENTS (KOHA)
Koha item type ADB
952 ## - LOCATION AND ITEM INFORMATION (KOHA)
Withdrawn status [LOCAL, KOHA] 0
952 ## - LOCATION AND ITEM INFORMATION (KOHA)
Withdrawn status [LOCAL, KOHA] 0
Holdings
Permanent Location Date acquired Koha item type Lost status Shelving location Barcode Current Location Full call number
Library Block C2020-05-11ADB C163A064429Library Block C338 POL 2005 C163 Or.
Library Block C2023-05-17ADB C163A08803Library Block C338 POL 2005 C163 Or.
មជ្ឈមណ្ឌលឯការនៃសាកលវិទ្យាល័យភូមិន្ទកសិកម្មចំការដូង

Powered by Koha